Wszystkie przystanki tramwajowe w Warszawie - Statystyki

Ogólne statystyki
  • Ten quiz został rozwiązany 795 razy
    205 od ostatniego zresetowania
  • Średni wynik to 87 z 245
Statystyki odpowiedzi
Bemowo Archimedesa % Poprawnych
Ochota Bitwy Warszawskiej 1920 r.
90%
Śródmieście Centrum
78%
Śródmieście rondo ONZ
73%
Bielany Metro Młociny
67%
Ochota Ochota-Ratusz
64%
Wola rondo Daszyńskiego
64%
Śródmieście Metro Ratusz-Arsenał
62%
Włochy Włochy-Ratusz
62%
Śródmieście Dw.Centralny
61%
Żoliborz Metro Marymont
61%
Śródmieście rondo Radosława
61%
Śródmieście Kino Femina
60%
Wola Wola-Ratusz
60%
Bemowo Metro Bemowo
59%
Śródmieście Metro Świętokrzyska
59%
Praga Południe Praga-Płd.-Ratusz
59%
Mokotów Metro Pole Mokotowskie
58%
Mokotów PKP Służewiec
58%
Praga Północ Dw.Wschodni (Kijowska)
56%
Bemowo Nowe Bemowo
56%
Śródmieście Metro Politechnika
55%
Praga Południe Gocławek
54%
Targówek Metro Bródno
54%
Praga Południe Wiatraczna
54%
Śródmieście GUS
53%
Mokotów Metro Wilanowska
53%
Mokotów Morskie Oko
52%
Śródmieście Muranów
52%
Wola Zajezdnia Wola
51%
Praga Północ Żerań FSO
51%
Śródmieście Dw.Gdański
50%
Wola Fort Wola
50%
Śródmieście Krucza
50%
Śródmieście most Poniatowskiego
50%
Śródmieście Muzeum Narodowe
50%
Ochota Och-Teatr
50%
Ochota PKP Rakowiec
50%
Praga Południe rondo Waszyngtona
50%
Praga Północ rondo Żaba
50%
Śródmieście Stare Miasto
50%
Białołęka Winnica
50%
Mokotów Wołoska-Szpital
50%
Bielany Zajezdnia Żoliborz
50%
Praga Północ Dw.Wileński
49%
Ochota Hale Banacha
49%
Żoliborz pl.Wilsona
49%
Białołęka Tarchomin
49%
Białołęka Annopol
48%
Bemowo os.Zielony Staw
48%
Ochota pl.Starynkiewicza
48%
Praga Północ Zajezdnia Praga
48%
Śródmieście Biblioteka Narodowa
47%
Śródmieście Hala Mirowska
47%
Ochota pl.Zawiszy
47%
Bemowo Stare Bemowo
47%
Śródmieście Anielewicza
46%
Ochota Banacha
46%
Bemowo Hala Wola
46%
Śródmieście Hoża
46%
Praga Północ Kijowska
46%
Mokotów Metro Wierzbno
46%
Śródmieście most Gdański
46%
Bemowo Boernerowo
45%
Bemowo Ciepłownia Wola
45%
Ochota pl.Narutowicza
45%
Praga Północ Ratuszowa-ZOO
45%
Wola Metro Płocka
44%
Bielany Metro Słodowiec
44%
Śródmieście Muranowska
44%
Bielany Piaski
44%
Śródmieście pl.Unii Lubelskiej
44%
Śródmieście pl.Zbawiciela
44%
Śródmieście Stawki
44%
Mokotów Woronicza
44%
Mokotów Wyścigi
43%
Praga Południe al.Zieleniecka
42%
Śródmieście Królewska
42%
Śródmieście Nowolipki
42%
Wola PKP Koło
42%
Włochy P+R Al.Krakowska
42%
Mokotów Wołoska
42%
Bielany AWF
41%
Wola Cm.Wolski
41%
Śródmieście Koszykowa
41%
Białołęka Nowodwory
41%
Śródmieście Nowowiejska
41%
Bielany Ogrody Działkowe Bemowo
41%
Wola Okopowa
41%
Śródmieście pl.Konstytucji
41%
Mokotów Rakowiecka
41%
Praga Północ Ratuszowa
41%
Mokotów rondo Unii Europejskiej
41%
Białołęka Żerań Wschodni
41%
Praga Północ Park Praski
40%
Praga Północ rondo Starzyńskiego
40%
Mokotów Domaniewska
39%
Wola Koło
39%
Żoliborz Marymont-Potok
39%
Ochota NIK
39%
Praga Północ Ząbkowska
39%
Praga Północ Kawęczyńska-Bazylika
38%
Mokotów Kielecka
38%
Praga Południe Lubelska
37%
Bemowo os.Górczewska
37%
Wola PKP Wola (Wolska)
37%
Mokotów Sielce
37%
Praga Północ Czynszowa
36%
Włochy Hynka
36%
Białołęka Mehoffera
36%
Żoliborz pl.Inwalidów
36%
Śródmieście pl.Politechniki
36%
Ochota Wawelska
36%
Wola PKP Wola (Kasprzaka)
35%
Śródmieście pl.Bankowy
35%
Białołęka Stefanika
35%
Mokotów Królikarnia
34%
Wola Norblin
34%
Białołęka Tarchomin Kościelny
34%
Bielany UKSW
34%
Bemowo Dywizjonu 303
33%
Mokotów Postępu
33%
Praga Północ Dyrekcja FSO
32%
Praga Południe Kinowa
32%
Wola Reduta Wolska
32%
Białołęka Stare Świdry
32%
Śródmieście Trasa Łazienkowska
32%
Bemowo WAT
32%
Mokotów Wynalazek
32%
Włochy Instytut Lotnictwa
31%
Praga Południe Kickiego
31%
Mokotów Konstruktorska
31%
Śródmieście KS Polonia
31%
Praga Południe pl.Szembeka
31%
Mokotów Telewizja Polska
31%
Bemowo Wrocławska
31%
Mokotów Goworka
30%
Śródmieście Park Traugutta
30%
Mokotów Rakowiecka-Sanktuarium
30%
Mokotów Spacerowa
30%
Mokotów al.Lotników
29%
Śródmieście Baseny Inflancka
29%
Wola Cm.Żydowski
29%
Bielany Conrada
29%
Mokotów Park Dreszera
29%
Praga Południe Park Skaryszewski
29%
Praga Północ pl.Hallera
29%
Wola Powązkowska
29%
Bemowo Radiowa
29%
Białołęka Śreniawitów
29%
Białołęka Świderska
29%
Praga Południe Wspólna Droga
29%
Praga Północ Wybrzeże Helskie
29%
Bielany Cm.Włoski
28%
Wola Deotymy
28%
Ochota Dickensa
28%
Śródmieście Dzika
28%
Praga Południe Gocławska
28%
Białołęka Grzymalitów
28%
Wola Muzeum Powstania
28%
Żoliborz pl.Grunwaldzki
28%
Ochota Raszyńska
28%
Targówek Rembielińska
28%
Żoliborz Sady Żoliborskie
28%
Wola Szpital Wolski
28%
Bielany Aspekt
27%
Praga Południe Grenadierów
27%
Praga Północ Inżynierska
27%
Targówek Toruńska
27%
Bielany al.Reymonta
26%
Praga Południe Bliska
26%
Mokotów Dworkowa
26%
Mokotów Kulskiego
26%
Białołęka Myśliborska
26%
Żoliborz Park Kaskada
26%
Bielany Podleśna-IMGW
26%
Bielany Szpital Bielański
26%
Żoliborz Teatr Komedia
26%
Wola Żytnia
26%
Mokotów Samochodowa
25%
Praga Południe Czapelska
24%
Wola Dalibora
24%
Białołęka Faradaya
24%
Wola Karolkowa
24%
Ochota Korotyńskiego
24%
Włochy Krakowiaków
24%
Włochy Lipowczana
24%
Praga Południe Międzyborska
24%
Wola Niska
24%
Bielany Nocznickiego
24%
Białołęka Odlewnicza
24%
Mokotów Sielecka
24%
Targówek Budowlana
23%
Żoliborz gen.Zajączka
23%
Żoliborz ks.Popiełuszki
23%
Praga Południe Kwatery Głównej
23%
Mokotów Niedźwiedzia
23%
Targówek Pożarowa
23%
Bielany Przy Agorze
23%
Praga Północ Bródnowska
22%
Praga Północ Budzińskiej-Tylickiej
22%
Targówek Julianowska
22%
Bemowo Piastów Śląskich
22%
Bielany Popiela
22%
Bemowo P+R Połczyńska
22%
Praga Południe Żółkiewskiego
22%
Praga Południe Berezyńska
21%
Bielany Cm.Wawrzyszewski
21%
Bemowo Czumy
21%
Mokotów Malczewskiego
21%
Wola Młynarska
21%
Praga Północ PIMot
21%
Wola Sokołowska
21%
Żoliborz Bohomolca
20%
Wola Elekcyjna
20%
Wola Magistracka
20%
Bemowo Marynin
20%
Wola pl.Pole Elekcyjne
20%
Bielany Romaszewskiego
20%
Bemowo Synów Pułku
20%
Praga Północ Wojnicka
20%
Białołęka Inowłodzka
19%
Bemowo Kazubów
19%
Bemowo Klemensiewicza
19%
Bielany Park Olszyna
19%
Praga Północ Śliwice
19%
Praga Północ Batalionu Platerówek
18%
Bielany Bogusławskiego
18%
Praga Północ Namysłowska
18%
Bemowo pl.Kasztelański
18%
Wola Sowińskiego
18%
Wola Wawrzyszewska
18%
Żoliborz Włościańska
18%
Bemowo Kocjana
17%
Praga Północ Konopacka
17%
Targówek Staniewicka
17%
Mokotów Bukowińska
16%
Bemowo Orlich Gniazd
16%
Praga Północ Środkowa
16%
Bemowo Fort Blizne
15%
Praga Północ Golędzinów
15%
Wola Ordona-WSA
15%
Targówek Poborzańska
15%
Wola Długosza
14%
Wola Dzielna
13%
Bemowo Siodlarska
11%
Nie znaleziono quizów pasujących do podanych kryteriów
Rozkład punktacji
Procent ludzi z każdym wynikiem
Percentyl według liczby udzielonych odpowiedzi
Twoja historia wyników
Nie rozwiązałeś tego quizu od ostatniego zresetowania